000
00309nam a22001337a 4500
008
171027b xxu||||| |||| 00| 0 eng d
020
_a
9780538628969
041
_a
eng
080
_2
3 ED
_a
336
100
_a
56
101
_a
FIN
245
_a
MAANGING YOUR PERSONAL FINANCES
_c
RYAH.JS
942
_2
udc
_c
BK
999
_c
36088
_d
36088